000 00764nam a22002417a 4500
008 131112b xxu||||| |||| 00| 0 eng d
020 _a81-7141-439-7
024 _cAvailable
037 _cAvailable
040 _aMBSTU LIBRARY
_dMBSTU LIBRARY
082 _222
_a363.754 ABE
100 _aAbbasi, S.A.
245 _aEnvironment everyone: bitter-sweet writing on environment.
260 _aNew Delhi
_bDiscovery Pub. House.
_c1998
300 _a22 cm.
_b148 page
_f1
_g22 cm.
600 _2Environmental problems-India.
650 _2Environmental problems-India.
700 _aAbbasi, S.A.
270 _aNew Delhi
_bNew Delhi
_dIndia
365 _b330.00
_d330.00
942 _2ddc
_cBK
999 _c821
_d821